Gung ho! (Record no. 108202)

MARC details
000 -LEADER
fixed length control field 00578cam a22001935a 4500
001 - CONTROL NUMBER
control field L143528
008 - FIXED-LENGTH DATA ELEMENTS--GENERAL INFORMATION
fixed length control field 080515s1998 xxk f 000 0 eng d
020 ## - INTERNATIONAL STANDARD BOOK NUMBER
International Standard Book Number 0006530680
035 ## - SYSTEM CONTROL NUMBER
System control number (Sirsi) u143528
041 0# - LANGUAGE CODE
Language code of text/sound track or separate title eng
100 1# - MAIN ENTRY--PERSONAL NAME
Personal name Blanchard, Ken
245 00 - TITLE STATEMENT
Title Gung ho!
Remainder of title How to motivate people in any organisation
260 ## - PUBLICATION, DISTRIBUTION, ETC.
Place of publication, distribution, etc. London
Name of publisher, distributor, etc. Harper Collins
Date of publication, distribution, etc. 1998
300 ## - PHYSICAL DESCRIPTION
Extent 187p.
Dimensions 20cm.
520 ## - SUMMARY, ETC.
Summary, etc. Parable-style book describes key ideas which aimed at fostering excellent morale in the workplace.
651 #4 - SUBJECT ADDED ENTRY--GEOGRAPHIC NAME
Geographic name International
700 1# - ADDED ENTRY--PERSONAL NAME
Personal name Bowles, Sheldon
942 ## - ADDED ENTRY ELEMENTS (KOHA)
Suppress in OPAC 0
Holdings
Withdrawn status Lost status Source of classification or shelving scheme Damaged status Not for loan Home library Current library Shelving location Date acquired Total Checkouts Full call number Barcode Date last seen Date last checked out Copy number Price effective from Koha item type
    Dewey Decimal Classification     London London Staff library 15/05/2008 2 STAFF BLAN 30074793 06/08/2019 11/02/2009 1 06/08/2019 Book
    Dewey Decimal Classification     London London Staff library 18/06/2012   STAFF BLAN 30077476 06/08/2019   2 06/08/2019 Book